[Event "FIDE WCh Women KO"]
[Site "Moscow RUS"]
[Date "2001.11.27"]
[Round "1.1"]
[White "Xu Yuanyuan"]
[Black "Pina,S"]
[Result "1-0"]
[WhiteElo "2409"]
[BlackElo "2345"]
[EventDate "2001.11.27"]

1. d4 Nf6 2. c4 d6 3. Nc3 g6 4. e4 Bg7 5. h3 O-O 6. Bg5 h6 7. Be3 e5 8. d5
Nbd7 9. Nf3 Kh7 10. Bd3 c6 11. O-O c5 12. a3 Nh5 13. b4 b6 14. Qa4 Nf4 15.
Bc2 Bb7 16. Rab1 1-0

[Event "FIDE WCh Women KO"]
[Site "Moscow RUS"]
[Date "2001.11.27"]
[Round "1.1"]
[White "Foisor,C"]
[Black "Gu Xiaobing"]
[Result "1-0"]
[WhiteElo "2444"]
[BlackElo "2299"]
[EventDate "2001.11.27"]

1. c4 c5 2. g3 Nf6 3. Bg2 d5 4. cxd5 Nxd5 5. Nc3 Nc7 6. Qb3 Qd7 7. f4 g6 8.
Nf3 Bg7 9. O-O O-O 10. d3 Re8 11. Nd2 Nb5 1-0

[Event "FIDE WCh Women KO"]
[Site "Moscow RUS"]
[Date "2001.11.27"]
[Round "1.1"]
[White "Gaponenko,I"]
[Black "Lagvilava,G"]
[Result "1-0"]
[WhiteElo "2409"]
[BlackElo "2326"]
[EventDate "2001.11.27"]

1. e4 c6 2. d4 d5 3. exd5 cxd5 4. c4 e6 5. Nc3 Nf6 6. Nf3 Bb4 7. cxd5 Nxd5
8. Qc2 Nc6 9. a3 Be7 10. Bd3 Nxc3 11. bxc3 h6 12. O-O O-O 13. Qe2 Qc7 14.
Rb1 a6 15. c4 Bf6 16. Qe4 Rd8 17. Qh7+ Kf8 18. a4 Qd6 1-0

[Event "FIDE WCh Women KO"]
[Site "Moscow RUS"]
[Date "2001.11.27"]
[Round "1.1"]
[White "Arribas,M"]
[Black "Peng Zhaoqin"]
[Result "0-1"]
[WhiteElo "2287"]
[BlackElo "2443"]
[EventDate "2001.11.27"]

1. e4 e6 2. d3 c5 3. Nf3 Nc6 4. g3 g6 5. Bg2 Bg7 6. O-O Nge7 7. c3 e5 8.
Be3 d6 9. d4 exd4 10. cxd4 Bg4 11. dxc5 dxc5 12. Qxd8+ Rxd8 13. Nc3 Nd4 14.
Bxd4 cxd4 15. Ne2 Nc6 16. h3 Bxf3 17. Bxf3 d3 18. Nc3 Bxc3 19. bxc3 Ke7 20.
Rfd1 Rd7 21. Rab1 Ne5 22. Bg2 Rc8 23. Rb3 b6 24. Bf1 g5 25. f4 gxf4 26.
gxf4 Ng6 27. Rxd3 Rxd3 28. Bxd3 Nxf4 29. Bf1 Ne6 30. Kf2 Nc5 31. Rb4 Rd8
32. Ke3 Rd1 33. Be2 Rc1 34. Kd4 Rc2 0-1

[Event "FIDE WCh Women KO"]
[Site "Moscow RUS"]
[Date "2001.11.27"]
[Round "1.1"]
[White "Grabuzova,T"]
[Black "Galianina Ryjanova,J"]
[Result "1-0"]
[WhiteElo "2399"]
[BlackElo "2320"]
[EventDate "2001.11.27"]

1. b3 e5 2. Bb2 d6 3. g3 Nc6 4. Bg2 Be6 5. c4 Qd7 6. Nc3 Nf6 7. Nf3 Bh3 8.
O-O h5 9. Bxh3 Qxh3 10. Ng5 Qf5 11. h4 Be7 12. Qb1 Qd7 13. Nd5 Nxd5 14.
cxd5 Nb4 15. Qe4 Qg4 16. d3 Bxg5 17. hxg5 a5 18. a3 Na6 19. Qxg4 hxg4 1-0

[Event "FIDE WCh Women KO"]
[Site "Moscow RUS"]
[Date "2001.11.27"]
[Round "1.1"]
[White "Vijayalakshmi,S"]
[Black "Dworakowska,J"]
[Result "0-1"]
[WhiteElo "2405"]
[BlackElo "2358"]
[EventDate "2001.11.27"]

1. d4 f5 2. g3 Nf6 3. Bg2 g6 4. c3 Bg7 5. Nd2 O-O 6. Qb3+ d5 7. Nh3 c6 8.
Nf3 Qe8 9. Nf4 e6 10. h4 Ne4 11. Nd3 Nd7 12. Bf4 b6 13. O-O c5 14. Qc2 Bb7
15. Rfc1 Qe7 16. Nde5 Ndf6 17. Nd3 Ng4 18. Nfe5 Bxe5 19. dxe5 c4 20. f3
cxd3 21. exd3 Ne3 22. Bxe3 Nxg3 23. Bg5 Qg7 24. Qd2 0-1

[Event "FIDE WCh Women KO"]
[Site "Moscow RUS"]
[Date "2001.11.27"]
[Round "1.1"]
[White "Danielian,E"]
[Black "Shumiakina,T"]
[Result "1-0"]
[WhiteElo "2373"]
[BlackElo "2371"]
[EventDate "2001.11.27"]

1. Nf3 d5 2. g3 c6 3. Bg2 Bg4 4. b3 e6 5. Bb2 Nf6 6. O-O Bd6 7. d3 O-O 8.
Nbd2 Nbd7 9. h3 Bh5 10. c4 a5 11. a3 Qe7 12. Qc2 Rfe8 13. e4 e5 14. Nh4 Bg6
15. Rfe1 Qf8 1-0

[Event "FIDE WCh Women KO"]
[Site "Moscow RUS"]
[Date "2001.11.27"]
[Round "1.1"]
[White "Sedina,E"]
[Black "Alexandrova,O"]
[Result "1-0"]
[WhiteElo "2398"]
[BlackElo "2387"]
[EventDate "2001.11.27"]

1. e4 c5 2. Nf3 d6 3. Bb5+ Bd7 4. Bxd7+ Qxd7 5. O-O Nf6 6. e5 dxe5 7. Nxe5
Qc7 8. d4 e6 9. Bf4 Bd6 10. Na3 Qe7 11. Nb5 Bxe5 12. Bxe5 Na6 13. dxc5 Qxc5
14. Nd6+ Kf8 15. Bxf6 gxf6 16. Nxb7 Qe7 17. Qd6 Rb8 18. Qxa6 Rxb7 19. b3
Kg7 20. Rad1 Rd7 21. Qe2 Rhd8 22. c4 f5 23. g3 Qa3 1-0

[Event "FIDE WCh Women KO"]
[Site "Moscow RUS"]
[Date "2001.11.27"]
[Round "1.1"]
[White "Kiseleva,N"]
[Black "Wang Yu"]
[Result "1-0"]
[WhiteElo "2382"]
[BlackElo "2378"]
[EventDate "2001.11.27"]

1. d4 Nf6 2. c4 c5 3. d5 e6 4. Nc3 exd5 5. cxd5 d6 6. Nf3 g6 7. Bf4 a6 8.
e4 Bg7 9. Qa4+ Bd7 10. Qb3 Bc8 11. a4 O-O 12. Be2 Nh5 13. Be3 Nd7 14. O-O
Re8 15. Nd2 Nhf6 16. h3 h6 17. Qc2 Rb8 18. a5 Qc7 1-0